<?xml version="1.0" encoding="UTF-8"?>
<record
    xmlns:xsi="http://www.w3.org/2001/XMLSchema-instance"
    xsi:schemaLocation="http://www.loc.gov/MARC21/slim http://www.loc.gov/standards/marcxml/schema/MARC21slim.xsd"
    xmlns="http://www.loc.gov/MARC21/slim">

  <leader>01448nam a22001697a 4500</leader>
  <controlfield tag="003">SGT</controlfield>
  <datafield tag="020" ind1=" " ind2=" ">
    <subfield code="a">9788120350304</subfield>
  </datafield>
  <datafield tag="082" ind1=" " ind2=" ">
    <subfield code="a">658.4012,SRI</subfield>
  </datafield>
  <datafield tag="100" ind1=" " ind2=" ">
    <subfield code="a">SRINIVASAN,R</subfield>
  </datafield>
  <datafield tag="245" ind1=" " ind2=" ">
    <subfield code="a">STRATEGIC MANAGEMENT: THE INDIAN CONTEXT</subfield>
  </datafield>
  <datafield tag="250" ind1=" " ind2=" ">
    <subfield code="a">5TH</subfield>
  </datafield>
  <datafield tag="260" ind1=" " ind2=" ">
    <subfield code="a">NEW DELHI</subfield>
    <subfield code="b">PHI</subfield>
    <subfield code="c">2014</subfield>
  </datafield>
  <datafield tag="300" ind1=" " ind2=" ">
    <subfield code="a">354</subfield>
  </datafield>
  <datafield tag="650" ind1=" " ind2=" ">
    <subfield code="a">EXECUTIVE MANAGEMENT</subfield>
  </datafield>
  <datafield tag="653" ind1=" " ind2=" ">
    <subfield code="a">SECTION I: INTRODUCTION TO STRATEGIC MANAGEMENT   1.    BASIC CONCEPTS OF CORPORATE STRATEGY  2.    THE 7-S FRAMEWORK    SECTION II: BOARD OF DIRECTORS AND CORPORATE RESPONSIBILITY   3.    CORPORATE GOVERNANCE  4.    CODE AND LAWS FOR CORPORATE GOVERNANCE  5.    SOCIAL RESPONSIBILITY    SECTION III: ENVIRONMENTAL LANDSCAPE ANALYSIS   6.    EXTERNAL ENVIRONMENTAL ANALYSIS  7.    INTERNAL CORPORATE ANALYSIS    SECTION IV: STRATEGY IN ACTION   8.    STRATEGY FORMULATION  9.    STRATEGY IMPLEMENTATION  10.  EVALUATION AND CONTROL    SECTION V: STRATEGIC ENABLERS   11.  R&amp;D AND STRATEGY  12.  IT AND STRATEGY  13.  KNOWLEDGE MANAGEMENT  14.  STRATEGIC RISK  15.  OTHER STRATEGIC ISSUES    CASE STUDIES   1.    HMT MACHINE TOOLS DIVISION&#x2014;STRATEGY AT CROSSROADS       2.    BHARAT HEAVY ELECTRICALS LIMITED&#x2014;ON THE RIGHT COURSE?  3.    ACE DESIGNERS&#x2014;GOING GLOBAL?  4.    HMT WATCHES&#x2014;ON THE WAY OUT  5.    GLOBAL MARKETING IN WIPRO&#x2014; GROWING IN STRENGTH  6.    INFOSYS TECHNOLOGIES LIMITED&#x2014;TRULY GLOBAL  7.    THE INDIAN AIRLINE INDUSTRY&#x2014;WILL THE FLIGHT BE SMOOTH?</subfield>
  </datafield>
  <datafield tag="942" ind1=" " ind2=" ">
    <subfield code="2">ddc</subfield>
    <subfield code="c">FCM</subfield>
    <subfield code="0">2</subfield>
  </datafield>
  <datafield tag="952" ind1=" " ind2=" ">
    <subfield code="0">0</subfield>
    <subfield code="1">0</subfield>
    <subfield code="2">ddc</subfield>
    <subfield code="4">0</subfield>
    <subfield code="7">0</subfield>
    <subfield code="8">CM</subfield>
    <subfield code="a">SSSL</subfield>
    <subfield code="b">SSSL</subfield>
    <subfield code="c">DISPLAY</subfield>
    <subfield code="d">2016-06-10</subfield>
    <subfield code="e">KIRTI PRAKASHAN</subfield>
    <subfield code="g">325.00</subfield>
    <subfield code="i">SGTU</subfield>
    <subfield code="l">12</subfield>
    <subfield code="o">658.4012,SRI</subfield>
    <subfield code="p">CM708</subfield>
    <subfield code="r">2019-01-17 00:00:00</subfield>
    <subfield code="s">2018-10-30</subfield>
    <subfield code="w">2015-03-16</subfield>
    <subfield code="y">FCM</subfield>
    <subfield code="k">2365</subfield>
  </datafield>
  <datafield tag="952" ind1=" " ind2=" ">
    <subfield code="0">0</subfield>
    <subfield code="1">0</subfield>
    <subfield code="2">ddc</subfield>
    <subfield code="4">0</subfield>
    <subfield code="7">0</subfield>
    <subfield code="8">CM</subfield>
    <subfield code="a">SSSL</subfield>
    <subfield code="b">SSSL</subfield>
    <subfield code="c">DISPLAY</subfield>
    <subfield code="d">2016-06-10</subfield>
    <subfield code="e">KIRTI PRAKASHAN</subfield>
    <subfield code="g">325.00</subfield>
    <subfield code="i">SGTU</subfield>
    <subfield code="l">11</subfield>
    <subfield code="o">658.4012,SRI</subfield>
    <subfield code="p">CM709</subfield>
    <subfield code="r">2024-01-01 00:00:00</subfield>
    <subfield code="s">2023-11-17</subfield>
    <subfield code="w">2015-03-16</subfield>
    <subfield code="y">FCM</subfield>
    <subfield code="k">2365</subfield>
  </datafield>
  <datafield tag="999" ind1=" " ind2=" ">
    <subfield code="c">8971</subfield>
    <subfield code="d">8971</subfield>
  </datafield>
</record>
